Opatrenia vlády Slovenska na zmiernenie dopadov svetovej finančnej a hospodárskej krízy

Analýza podnikateľského prostredia SR po vstupe do eurozóny. Vplyv svetovej finančnej a hospodárskej krízy na ekonomiku Slovenska. Hodnotenie podnikateľského prostredia Svetovou bankou. Hodnotenie Svetového ekonomického fóra. Opatrenia vlády SR na zmiernenie dopadov svetovej finančnej a hospodárskej...

Full description

Saved in:
Bibliographic Details
Main Author: Rosenberg, Miloslav
Other Authors: Zubaľová, Ľubica, 1969-
Format: Book Chapter
Language:Slovak
Subjects:
Tags: Add Tag
No Tags, Be the first to tag this record!

MARC

LEADER 00000naa$a2200000$$$4500
001 0147359
005 20240502072649.2
041 0 |a slo 
044 |a SK 
245 1 0 |a Opatrenia vlády Slovenska na zmiernenie dopadov svetovej finančnej a hospodárskej krízy  |c Miloslav Rosenberg, Ľubica Zubaľová 
520 |a Analýza podnikateľského prostredia SR po vstupe do eurozóny. Vplyv svetovej finančnej a hospodárskej krízy na ekonomiku Slovenska. Hodnotenie podnikateľského prostredia Svetovou bankou. Hodnotenie Svetového ekonomického fóra. Opatrenia vlády SR na zmiernenie dopadov svetovej finančnej a hospodárskej krízy. Tri balíky opatrení. 
610 2 0 |a kríza finančná 
610 2 0 |a kríza hospodárska 
610 2 0 |a prostredie podnikateľské 
610 2 0 |a banky centrálne 
610 2 0 |a opatrenia 
610 2 0 |a vláda 
610 2 0 |a Slovensko 
100 1 |a Rosenberg, Miloslav 
700 1 |a Zubaľová, Ľubica, 1969-